| 000 | 01001nam a2200265Ia 4500 | ||
|---|---|---|---|
| 003 | OSt | ||
| 005 | 20220923211039.0 | ||
| 006 | a|||||r|||| 00| 0 | ||
| 007 | ta | ||
| 008 | 220922b |||||||| |||| 00| 0 hin d | ||
| 020 |
_a8173120420 (hbk) _c695 |
||
| 024 | _a235,256 | ||
| 037 |
_b430, 19/03/2008, Swaraj Prakashan _cTextual |
||
| 040 |
_aARTS _cARTS _bhin |
||
| 041 |
_2hin _ahin |
||
| 082 | _a4, 152P5 | ||
| 100 |
_aरावत, ज्ञानेन्द्र, संपा. _9157583 |
||
| 245 | 0 |
_aप्रेस _b प्रहार और प्रतिरोध |
|
| 246 | _aPresa: prahār aur pratirodha | ||
| 260 |
_aदिल्ली _b श्री नटराज प्रकाशन _c2005 |
||
| 300 |
_a392पृ. _ccm. |
||
| 650 |
_aहिन्दी पत्रकारिता _9157584 |
||
| 942 |
_h4, 152P5 _cTEXL _2CC |
||
| 999 |
_c294476 _d294476 |
||